| 000 | 00623nam a22002057a 4500 | ||
|---|---|---|---|
| 999 |
_c12316 _d12316 |
||
| 003 | AR-CdUCM | ||
| 008 | 190408b ||||| |||| 00| 0 spa d | ||
| 040 |
_aMUNICIPALIDAD PROVINCIAL DEL CUSCO _cBIBLIOTECA MUNICIPAL DEL CUSCO |
||
| 082 |
_aC / 985.61 / _bO93 |
||
| 100 |
_aOviedo Velis, Ciriaco _930118 |
||
| 245 |
_aAnales del Cuzco : _b1600 á 1750 / |
||
| 260 |
_aLima : _bEl Estado, _c1901. |
||
| 300 |
_a483 páginas ; _c25 cm. |
||
| 650 |
_aCusco. _9772 |
||
| 650 |
_aAnales del cusco. _930119 |
||
| 650 |
_aNotas del cusco. _930120 |
||
| 650 |
_aColonia. _91685 |
||
| 942 |
_2ddc _cLIBROS |
||
| 945 |
_awfj _d2019-04-08 |
||